000 00476nam a2200181Ia 4500
003 OSt
005 20140321150737.0
008 140130s9999 xx 000 0 und d
020 _a0439104351
050 _aLB 1050
_b.F597 2003
100 _aFleming, Maria
245 _cMaria Fleming.
_aEmergent reader mini-books favorite themes /
260 _bScholastic,
_c2003.
_aNew York :
300 _a40 p. :
_bill. ;
_c26 cm.
440 _v1
942 _cBK
_2lcc
999 _c41739
_d41739